Multiple Choice City Quiz – Melbourne - Statistics

General Stats
  • This quiz has been taken 12,241 times
    12,219 since last reset
  • The average score is 6 of 10
Answer Stats
Question Answer % Correct
Of all the cities in the world with a population over 1 million, Melbourne is the .... Southernmost
82%
What caused the population of Melbourne to mushroom from 10,000 in 1840 to over 100,000 by 1854? Gold rush
75%
What killed 173 people in the area around Melbourne on Black Saturday in 2009? Bush fires
74%
What TV show took place in the fictional suburb of Erinsborough? Neighbours
68%
Who is often considered the founder of Melbourne? John Batman
65%
Which Australian state is Melbourne the capital of? Victoria
64%
How long, in total, was Melbourne locked down during Covid? 262 days
62%
Who was hanged in Melbourne in 1880? Ned Kelly
60%
When did Melbourne host the Summer Olympics? 1956
51%
On what bay is Melbourne located? Port Philip Bay
44%
No matching quizzes found
Score Distribution
Percent of People with Each Score
Percentile by Number Answered
Your Score History
You have not taken this quiz since the last reset